000 01065cam a2200277 i 4500
001 1750
005 20230928090927.0
020 _a9780531211519 (library binding)
020 _a9780531253571 (paperback)
040 _aDLC
_beng
_cDLC
_erda
_dDLC
050 0 0 _aQB661
_b.S67 2014
082 0 0 _a523.45
_223
100 1 _aSquire, Ann O.
245 1 0 _aPlanet Jupiter /
_cAnn O. Squire.
260 _aNew York :
_bScholastic,
_c2014.
300 _a48 pages :
_billustrations (chiefly color) ;
_c22 cm.
490 0 _aA true book
505 0 _aZ
520 _aJupiter is so large that all of the other planets in the solar system could fit inside of it. Readers will discover what sets this gas giant apart from the other planets. They will also learn how it was discovered, take a tour of its many moons, and find out why it has rings.
521 2 _a900
_bLexile
521 2 _aZ
_bRaz-Plus
650 _aJupiter (Planet)
_vJuvenile literature
650 _aPlanet Jupiter
906 _a7
_bcbc
_corignew
_d1
_eecip
_f20
_gy-gencatlg
942 _2ddc
_cBK
_n0
999 _c1750
_d1750